Le rhum et sa fabrication / (Record no. 114044)

MARC details
000 -LEADER
campo de control de longitud fija 00590nam a2200193 i 4500
001 - NÚMERO DE CONTROL
campo de control 114044
003 - IDENTIFICADOR DE NÚMERO DE CONTROL
campo de control ES-MaACL
005 - FECHA Y HORA DE LA ÚLTIMA TRANSACCIÓN
campo de control 20251003165700.0
007 - CAMPO FIJO DE DESCRIPCIÓN FÍSICA--INFORMACIÓN GENERAL
campo de control de longitud fija t|
008 - DATOS DE LONGITUD FIJA--INFORMACIÓN GENERAL
campo de control de longitud fija 061121s1903 fr |||| | fre d
100 1# - ENTRADA PRINCIPAL--NOMBRE DE PERSONA
Nombre de persona Pairault, E. A.
9 (RLIN) 88335
245 13 - MENCIÓN DEL TÍTULO
Título Le rhum et sa fabrication /
Mención de responsabilidad, etc. par E.A. Pairault ; avec une préface de M. le Dr. A. Calmette.
260 ## - PUBLICACIÓN, DISTRIBUCIÓN, ETC.
Lugar de publicación, distribución, etc. Paris :
Nombre del editor, distribuidor, etc. Gauthier Villars,
Fecha de publicación, distribución, etc. 1903.
300 ## - DESCRIPCIÓN FÍSICA
Extensión VI, 292 p. :
Otras características físicas il ;
Dimensiones 23 cm.
650 #4 - PUNTO DE ACCESO ADICIONAL DE MATERIA--TÉRMINO DE MATERIA
Término de materia o nombre geográfico como elemento de entrada Licores.
9 (RLIN) 160722
700 1# - ENTRADA AGREGADA--NOMBRE PERSONAL
Nombre de persona Calmette, Albert,
Fechas asociadas al nombre 1863-1933
9 (RLIN) 33766
852 ## - LOCALIZACIÓN
Ubicación ES-MaACL
Número de control de estantería A-1429
Holdings
Estatus retirado Estado de pérdida Estado de daño No para préstamo Biblioteca de origen Biblioteca actual Ubicación en estantería Fecha de adquisición Fuente de adquisición Total de préstamos Signatura topográfica completa Código de barras Visto por última vez Precio de reemplazo Tipo de ítem Koha
        Biblioteca del Ateneo de Madrid Biblioteca del Ateneo de Madrid Sala Pecera Planta 1 17/01/2008     A-1429 1118934 23/02/2023 23/02/2023 Libro impreso